000 00983nam a22003137a 4500
003 CHAP
005 20220329133622.0
008 971013s1993 r 00010 d
010 _a8633
011 _a9605
035 _a8840
040 _cCHAP
090 _aTesis
100 0 0 _aRodríguez Yam, Gabriel A.
_998970
245 _aSeries componentes principales
260 _aMontecillo, Méx. :
_bEl autor,
_c1993
300 _a124 h
502 _aTesis (M.C. Esp. en Estadística) -- C.P. Centro de Estadística y Cálculo
590 _aALEPH
_b10
_c20130110
_lUCH01
_h1224
590 _aBATCH-UPD
_b10
_c20130110
_lUCH01
_h2303
590 _aBATCH-UPD
_b10
_c20130410
_lUCH01
_h1555
590 _aBATCH-UPD
_b10
_c20130914
_lUCH01
_h2021
590 _aCONVERSION
_b10
_c20130109
_lUCH01
_h1306
650 1 4 _aSeries de tiempo.
_9105120
901 _aBK
942 _cFOLL
949 _bBC
_cTES
_d-19198
_eTS1
_h25706
_i8840
_mD
_si
949 _bBC
_cTES
_d-19199
_eTS2
_fc.2
_h25707
_i8840
_mD
_si
999 _c8633
_d8633